000 00372nam a2200133Ia 4500
008 220217s9999||||xx |||||||||||||| ||und||
020 _a81-7366-838-8
082 _a005.8 ERI
100 _aErickson, Jon
_95600
245 0 _aHacking the art of exploitation
260 _aShroff publishers and dist.Pvt.
_bMumbai
_c2006
300 _b250
650 _aCOMPUTER SCIENCE
999 _c176628
_d176628